00625nam a2200241Ia 4500008004100000020001800041050001000059050001400069100001600083245004000099245001900139260001800158260003700176260000900213300001600222300001900238300001000257650002900267650002900296650002800325650001100353999001900364170712s9999 xx 000 0 und d a9789710070763 a158.2 bS211 2014 aSanchez, Bo aHow to deal with difficult people / cby Bo Sanchez. aPhilippines : bShepherd House Publishers, Inc., c2014 a133 pages : billustration ; c22cm. aInterpersonal relations. aInterpersonal Relations. aPsychology, Industrial. aTitle. c340474d340474